| 000 | 00626nam a22001817a 4500 | ||
|---|---|---|---|
| 999 |
_c4096 _d4053 |
||
| 008 | 200618b ||||| |||| 00| 1 eng d | ||
| 020 | _a9756287454 | ||
| 041 | _atur | ||
| 050 | _aPL248.E735 | ||
| 100 |
_91813 _aErbil, Leylâ |
||
| 245 | _aTuhaf Bir Kadın | ||
| 250 | _aVII. Baskı | ||
| 260 |
_aİstanbul: _bOkuyan Us Yayın, _cEkim 2005 |
||
| 300 | _a263 Sayfa | ||
| 500 | _aI.Baskı ; Habora Yayınevi, 1971 II.Baskı ; Habora Yayınevi, 1972 III. Baskı ; Cem Yayınevi, 1980 IV.Baskı ; Can Yayınevi, 1989 V.Baskı ; YKY , 1998 VI.Baskı ; YKY , 2001 | ||
| 650 | 0 |
_9145 _aTürk Edebiyatı |
|
| 942 |
_2lcc _cBK |
||